000 00937nam a2200229 i 4500
001 5710
003 ES-MaACL
005 20250819044736.0
007 t|
008 890424s1988 sp ||||1| spa d
020 _a84-86860-03-02
080 _a058.7:002(46)"1988"
080 _a002(46)"1988":058.7
245 0 0 _aQuién es quién en informacion y documentacion
_b: España 1988 /
_cComisión Nacional de España de la UNESCO, Grupo de Trabajo de Información y Documentación.
260 _a[Madrid] :
_bComisión Interministerial de Ciencia y Tecnología,
_cD.L. 1988.
300 _a419 p., [1] h. ;
_c27 cm.
650 1 4 _aDocumentalistas-
_zEspaña-
_vDirectorios.
_911962
710 1 _aEspaña.
_bComisión Española de Cooperación con la Unesco
_93635
710 2 _aEspaña.
_bComisión Interministerial de Ciencia y Tecnología.
_93636
852 _aES-MaACL
_jL-12597
_bR.116340
_z. - rust.
999 _c5710
_d5710